On This Day (April 16th) Multiple Choice - Statistics

General Stats
  • This quiz has been taken 12 times
  • The average score is 5 of 15
Answer Stats
Question Answer % Correct
1912 – Harriet Quimby becomes the first woman to fly an airplane across which body of water ? English Channel
67%
1908 – Natural Bridges National Monument is established in which state ? Utah
67%
1853 – The Great Indian Peninsula Railway opens the first passenger rail in India, from Bori Bunder to Thane, now part of which city ? Mumbai
58%
1917 – Vladimir Lenin returns to Petrograd, Russia, from exile in which country ? Switzerland
58%
1818 – The United States Senate ratifies the Rush–Bagot Treaty, establishing what ?. Border with Canada
50%
1799 – French Revolutionary Wars: The Battle of Mount Tabor: Napoleon drives Ottoman Turks across the which river ? Jordan
42%
1945 – The United States Army liberates Nazi Sonderlager (high security) prisoner-of-war camp Oflag IV-C better known as what ? Colditz
33%
1972 – Apollo program: The launch of which mission from Cape Canaveral, Florida takes place on this day ? Apollo 16
25%
1582 – Spanish conquistador Hernando de Lerma founds the settlement of Salta, in which country ? Argentina
25%
1746 – Which battle is fought in Scotland between the French-supported Jacobites and the British Hanoverian forces commanded by the Duke of Cumberland ? Battle of Culloden
25%
1963 – Which of the Osmond family was born this day ? Jimmy
17%
1992 – The "Katina P" runs aground spilling 60,000 tons of crude oil into the ocean of the coast of which African city ? Maputo, Mozambique
8%
1780 – Franz Friedrich Wilhelm von Fürstenberg founds the University of where ? Munster
8%
2003 – The Treaty of Accession is signed in Athens admitting how many new member states into the European Union ? Ten
8%
1346 – Stefan Dušan is crowned Emperor of the Serbs at Skopje, How was he known ? The Mighty
8%
No matching quizzes found
Score Distribution
Percent of People with Each Score
Percentile by Number Answered
Your Score History
You have not taken this quiz